Materials science of thin films (Record no. 352)

000 -LEADER
fixed length control field 00566nam a22002174a 4500
001 - CONTROL NUMBER
control field 352
003 - CONTROL NUMBER IDENTIFIER
control field BD-DhUET
008 - FIXED-LENGTH DATA ELEMENTS--GENERAL INFORMATION
fixed length control field 010328s2002 caua b 001 0 eng
020 ## - INTERNATIONAL STANDARD BOOK NUMBER
International Standard Book Number 9780125249850
020 ## - INTERNATIONAL STANDARD BOOK NUMBER
International Standard Book Number 9789381269534
040 ## - CATALOGING SOURCE
Original cataloging agency DLC
Transcribing agency 0
Modifying agency BD-DhUET
082 00 - DEWEY DECIMAL CLASSIFICATION NUMBER
Classification number 623.8152
Item number OHR/2002
100 ## - MAIN ENTRY--PERSONAL NAME
Personal name Ohring, Milton
245 10 - TITLE STATEMENT
Title Materials science of thin films
Remainder of title deposition and structure
250 ## - EDITION STATEMENT
Edition statement 2nd ed.
260 ## - PUBLICATION, DISTRIBUTION, ETC. (IMPRINT)
Place of publication, distribution, etc. New Delhi
Name of publisher, distributor, etc. Academic Press
Date of publication, distribution, etc. 2002
300 ## - PHYSICAL DESCRIPTION
Extent xxi, 794 p.
Other physical details
504 ## - BIBLIOGRAPHY, ETC. NOTE
Bibliography, etc Includes bibliographies
650 #0 - SUBJECT ADDED ENTRY--TOPICAL TERM
Topical term or geographic name as entry element Thin films
942 ## - ADDED ENTRY ELEMENTS (KOHA)
Koha item type General Book
Holdings
Koha normalized classification for sorting Shelving location Lost status Copy number Source of classification or shelving scheme Not for loan Sublocation or collection (holding branch) Koha item type Koha out on loan Location (home branch) Price effective from Koha full call number Koha date last seen Koha issues (times borrowed) Damaged status Piece designation (barcode) Date acquired Withdrawn status Koha date last borrowed
623_000000000000000_8152OHR200Circulation section 1  Central Library, BUETGeneral Book Central Library, BUET2014-07-20623.8152/OHR/20022014-07-20  1116042014-07-20  
623_815200000000000_OHR_2002Circulation section 2  Central Library, BUETGeneral Book Central Library, BUET2016-10-02623.8152/OHR/20022024-06-121 1147342016-06-18 2023-11-08
623_815200000000000_OHR_2002Circulation section 3  Central Library, BUETGeneral Book2025-01-12Central Library, BUET2016-10-02623.8152/OHR/20022024-01-131 1147352016-06-18 2024-01-13
623_815200000000000_OHR_2002Reading section 4  Central Library, BUETGeneral Book Central Library, BUET2018-09-22623.8152/OHR/20022018-09-22  1166522018-06-27